00931nam a2200217 a 4500001001000000003000500010005001700015008004100032010001100073011001100084040000900095100003100104245020000135260004100335500006000376502006900436650004000505650005500545650004300600856007000643000113181CHAP20220329144342.0170511s2016 mx sm |||||||spa d a109642 a110614 cCHAP1 aCorro Contreras, Rubicelia10aContribución al estudio etnobotánico de cintiáhua (Cnidoscobus spp.) :h[En línea]bcaracterización in situ, valor nutritivo y potencial biocombustible /cpor Rubicelia Corro Contreras. aChapingo, Méx. :bEl autor,c2016. aPara ver el contenido del material haga clic en la liga aTesis (M.C. en Horticultura) -- UACH. Departamento de Fitotecnia14aAceites vegetales como combustible.14aCnidoscolusxSemillaxFisiología y morfología.14aCnidoscolusxSemillaxValor nutritivo. aFinding aiduhttp://10.13.5.2/tesis/sist113181.pdfzTeclea aquí